[Event "45th Olympiad Budapest 2024"]
[Site "Budapest"]
[Date "2024.09.13"]
[Round "3"]
[Board "3"]
[White "Jonet, Davena"]
[Black "Junior, Ednasia"]
[Result "1/2-1/2"]
[WhiteElo "1659"]
[BlackElo "1888"]
[PlyCount "112"]
[EventDate "2024.09.11"]
[EventType "team-tourn"]
[EventRounds "11"]
[EventCountry "HUN"]
[WhiteTeam "Haiti"]
[BlackTeam "Angola"]
[WhiteTeamCountry "HAI"]
[BlackTeamCountry "ANG"]

1. d4 f5 {[%emt 0:00:08]} 2. Bf4 {[%emt 0:00:36]} Nf6 {[%emt 0:00:10]} 3. Nf3 {[%emt 0:00:46]} e6 {[%emt 0:00:06]} 4. e3 {[%emt 0:01:11]} b6 {[%emt 0:00:12]} 5. Be2 {[%emt 0:02:08]} Bb7 {[%emt 0:01:06]} 6. h3 {[%emt 0:01:50]} Be7 {[%emt 0:00:42]} ({RR} 6... Nc6 7. Bh2 Ne7 8. c4 Ng6 9. O-O Bd6 10. Bxd6 cxd6 11. Nc3 d5 12. Rc1 O-O 13. cxd5 Nxd5 14. Nxd5 Bxd5 15. Bc4 Ne7 16. Bxd5 Nxd5 17. Ne5 d6 18. Nd3 Qd7 19. Qd2 a5 20. Rc2 Rfc8 21. Rfc1 {1-0 Nihal,S (2670)-Maghsoodloo,P (2720) Tata Steel India Rapid 2022 (8.2)}) ({RR} 6... Bd6 7. O-O Bxf4 8. exf4 O-O 9. Re1 c5 10. c4 Qc7 11. g3 cxd4 12. Nxd4 Na6 13. Nc3 Nc5 14. Ncb5 Qb8 15. Nf3 Nce4 16. Ne5 a6 17. Nd4 Qc7 18. Rc1 Rac8 19. Bf1 a5 {½-½ Stefan,I (1938)-Harmsen,J (2102) 24th ch-EUR Indiv w 2024 (9.70)}) 7. Nbd2 {[%emt 0:01:51]} O-O {[%emt 0:02:16]} 8. Nc4 $146 {[%emt 0:04:57]} ({RR} 8. O-O a5 9. a4 Na6 10. c3 h6 11. Ne5 Qe8 12. Bf3 Bd5 13. Bh2 d6 14. Bxd5 exd5 15. Nd3 Kh7 16. b4 Nb8 17. b5 Nbd7 18. c4 dxc4 19. Nxc4 Qf7 20. Rc1 Rae8 21. Nd2 Bd8 22. Qb3 Qxb3 {0-1 Ehrke,M (2223)-Hertneck,G (2524) Bayern-chI Bank Hofmann 7th 2003 (3)}) ({RR} 8. O-O Ne4 9. Nxe4 Bxe4 10. Nd2 Bb7 11. Bf3 Bxf3 12. Qxf3 Nc6 13. c4 Bf6 14. Rab1 Kh8 15. b4 e5 16. dxe5 Nxe5 17. Qg3 d6 18. Rfd1 g5 19. Bxe5 Bxe5 20. f4 Bf6 21. Nf3 g4 22. hxg4 fxg4 {1-0 Bermudez Veliz,A (1491)-Jacome,E (1579) South America-ch U20 13th 2017 (8)}) ({RR} 8. O-O c5 9. c3 Nc6 10. Re1 Rc8 11. a3 Nd5 12. Bh2 cxd4 13. cxd4 Nf6 14. Nc4 Ne4 15. Rc1 Bh4 16. Nxh4 Qxh4 17. Rf1 Ne7 18. Ne5 Rxc1 19. Qxc1 Rc8 20. Qe1 Rd8 21. Nf3 Qf6 22. Be5 Qf7 {0-1 Magyar,P (1480)-Czarny,K (1660) Winnipeg Woodbury Memorial 2018 (6.9)}) 8... Ne4 {[%emt 0:03:48]} 9. a3 {[%emt 0:03:57]} d6 {[%emt 0:03:17]} 10. c3 {[%emt 0:06:43]} Kh8 {[%emt 0:03:39]} 11. Ncd2 {[%emt 0:03:41]} Nd7 {[%emt 0:06:57]} 12. O-O {[%emt 0:03:41]} Ndf6 {[%emt 0:06:22]} 13. Ng5 {[%emt 0:04:32]} Qd7 {[%emt 0:12:13]} 14. Ngxe4 {[%emt 0:01:24]} Nxe4 {[%emt 0:02:05]} 15. Nxe4 {[%emt 0:02:28]} Bxe4 {[%emt 0:00:37]} 16. Bf3 {[%emt 0:02:03]} Bxf3 {[%emt 0:04:20]} 17. Qxf3 {[%emt 0:00:16]} Bf6 {[%emt 0:04:00]} 18. Qg3 {[%emt 0:03:24]} Rae8 {[%emt 0:09:41]} 19. Bg5 {[%emt 0:01:01]} Bxg5 {[%emt 0:05:31]} 20. Qxg5 {[%emt 0:00:16]} Rf6 {[%emt 0:00:11]} 21. Qh5 {[%emt 0:02:38]} Ref8 {[%emt 0:03:16]} 22. f4 {[%emt 0:01:38]} Qb5 {[%emt 0:02:33]} 23. Rab1 {[%emt 0:01:31]} Rg6 {[%emt 0:03:16]} 24. Qf3 {[%emt 0:01:32]} e5 {[%emt 0:04:17]} 25. fxe5 {[%emt 0:05:20]} dxe5 {[%emt 0:01:04]} 26. dxe5 {[%emt 0:02:20]} Qxe5 {[%emt 0:06:42]} 27. Qf4 {[%emt 0:01:29]} Re6 {[%emt 0:01:30]} 28. Qxe5 {[%emt 0:03:39]} Rxe5 {[%emt 0:02:58]} 29. Rfe1 {[%emt 0:01:46]} Rd8 {[%emt 0:01:47]} 30. Rbd1 {[%emt 0:04:06]} Rde8 {[%emt 0:04:35]} 31. Kf2 {[%emt 0:01:49]} Kg8 {[%emt 0:00:05]} 32. Rd7 {[%emt 0:01:25]} R8e7 {[%emt 0:00:28]} 33. Rxe7 {[%emt 0:00:45]} Rxe7 34. Kf3 {[%emt 0:00:33]} Rd7 {[%emt 0:02:39]} 35. Re2 {[%emt 0:01:15]} Kf7 {[%emt 0:00:32]} 36. e4 {[%emt 0:01:05]} Kf6 {[%emt 0:02:36]} 37. exf5 {[%emt 0:02:35]} Kxf5 {[%emt 0:00:09]} 38. Re4 {[%emt 0:05:53]} Rd3+ {[%emt 0:00:18]} 39. Re3 {[%emt 0:00:51]} Rd7 {[%emt 0:01:26]} 40. Re4 {[%emt 0:00:29]} c5 {[%emt 0:01:30]} 41. Ke3 {[%emt 0:04:51]} g5 {[%emt 0:01:07]} 42. g4+ {[%emt 0:11:12]} Kf6 {[%emt 0:00:27]} 43. Ke2 {[%emt 0:00:38]} Rd5 {[%emt 0:00:43]} 44. Re3 {[%emt 0:01:50]} Re5 {[%emt 0:11:36]} 45. a4 {[%emt 0:09:17]} a6 {[%emt 0:04:54]} 46. Kd2 {[%emt 0:16:05]} Rxe3 {[%emt 0:02:20]} 47. Kxe3 {[%emt 0:00:12]} Ke5 {[%emt 0:00:09]} 48. Kf3 {[%emt 0:02:14]} Kd5 {[%emt 0:03:43]} 49. b3 {[%emt 0:00:44]} b5 {[%emt 0:04:46]} 50. a5 {[%emt 0:03:23]} b4 {[%emt 0:04:33]} 51. cxb4 {[%emt 0:01:13]} cxb4 {[%emt 0:01:14]} 52. Ke3 {[%emt 0:00:14]} Ke5 {[%emt 0:00:24]} 53. Kd3 {[%emt 0:00:38]} Kd5 {[%emt 0:00:33]} 54. Ke3 {[%emt 0:00:15]} Ke5 {[%emt 0:00:12]} 55. Kd3 {[%emt 0:00:07]} Kd5 {[%emt 0:01:11]} 56. Ke3 {[%emt 0:00:09]} Ke5 {[%emt 0:00:37]} 1/2-1/2

[Event "45th Olympiad Budapest 2024"]
[Site "Budapest"]
[Date "2024.09.13"]
[Round "3"]
[Board "2"]
[White "Nepando, Jolly"]
[Black "Monroy G., Nataly A."]
[Result "0-1"]
[WhiteElo "1646"]
[BlackElo "1939"]
[PlyCount "76"]
[EventDate "2024.09.11"]
[EventType "team-tourn"]
[EventRounds "11"]
[EventCountry "HUN"]
[WhiteTeam "Namibia"]
[BlackTeam "Bolivia"]
[WhiteTeamCountry "NAM"]
[BlackTeamCountry "BOL"]

1. e4 {[%emt 0:00:15]} c5 {[%emt 0:00:05]} 2. Nc3 {[%emt 0:00:43]} g6 {[%emt 0:01:03]} 3. f4 {[%emt 0:00:42]} Bg7 {[%emt 0:00:09]} 4. Nf3 {[%emt 0:00:55]} e6 {[%emt 0:02:59]} 5. Bb5 {[%emt 0:07:16]} ({RR} 5. d4 cxd4 6. Nxd4 a6 7. Be3 b5 8. Bxb5 axb5 9. Ndxb5 Ne7 10. Qd6 O-O 11. Bb6 Nf5 12. exf5 Qh4+ 13. g3 Qh5 14. Bd4 Bxd4 15. Qxd4 Nc6 16. Qd2 Qxf5 17. Nd6 Qa5 18. Nce4 f5 19. Qxa5 Nxa5 {1-0 Najer,E (2500)-Kron,V (2450) Moscow-ch op 1998 (6)}) 5... Ne7 {[%emt 0:00:30]} 6. d4 $146 {[%emt 0:13:06]} ({RR} 6. d3 a6 7. Ba4 b5 8. Bb3 d5 9. exd5 exd5 10. a3 Bb7 11. O-O O-O 12. Rb1 Qb6 13. Kh1 Nd7 14. Qd2 Nf6 15. Ba2 d4 16. Ne2 Nf5 17. b4 Ne3 18. Re1 Bxf3 19. gxf3 Qc6 20. Ng1 Bh6 {0-1 Neagoe,A (1098)-Samson,M (1287) ROM-ch U10 Girls 2018 (3)}) ({RR} 6. O-O O-O 7. d3 Nbc6 8. Qe1 a6 9. Ba4 d5 10. Qh4 b5 11. exd5 exd5 12. Bb3 c4 13. dxc4 dxc4 14. Ne4 cxb3 15. Nf6+ Bxf6 16. Qxf6 Qb6+ 17. Kh1 Nf5 18. Ne5 Be6 19. Ng4 Qd4 20. Qg5 Qg7 {1-0 Berago,J-Alaa,D (1723) Swiss Queens Wed #5 2024 (3.28)}) ({RR} 6. d3 a6 7. Bc4 O-O 8. a4 b6 9. O-O Bb7 10. Qe1 Nbc6 11. Qh4 d5 12. exd5 exd5 13. Ba2 Nd4 14. Rf2 Qd7 15. Be3 Nef5 16. Qh3 Rad8 17. Bxd4 Nxd4 18. Kh1 Qxh3 19. gxh3 Nxf3 20. Rxf3 d4 {0-1 Kozik,A (1722)-Schmitt,R (1589) GER Cup Net V4 U2000 blitz 2020 (4)}) ({RR} 6. O-O Nbc6 7. Bxc6 Nxc6 8. d3 O-O 9. Qe1 b6 10. Qg3 d5 11. Kh1 Nd4 12. Nxd4 cxd4 13. Ne2 dxe4 14. dxe4 Ba6 15. Re1 Rc8 16. Qb3 Qc7 17. e5 Rfd8 18. c3 Bxe2 19. Rxe2 dxc3 20. bxc3 Qxc3 {0-1 Ivani Ortega,F (1611)-Ramos Castillo,A FIDE World Uni Rapid-C 1st 2021 (5)}) 6... cxd4 {[%emt 0:01:08]} 7. Nxd4 {[%emt 0:00:06]} O-O {[%emt 0:00:10]} 8. Be3 {[%emt 0:10:49]} a6 {[%emt 0:11:52]} 9. Ba4 {[%emt 0:01:56]} b5 {[%emt 0:03:16]} 10. Bb3 {[%emt 0:00:56]} Bb7 {[%emt 0:01:05]} 11. a3 {[%emt 0:01:05]} d5 {[%emt 0:05:57]} 12. e5 {[%emt 0:02:57]} Nd7 {[%emt 0:01:01]} 13. O-O {[%emt 0:03:03]} Qc7 {[%emt 0:04:52]} 14. Qd2 {[%emt 0:12:47]} Nc6 {[%emt 0:07:17]} 15. Nce2 {[%emt 0:02:52]} Na5 {[%emt 0:02:24]} 16. c3 {[%emt 0:06:02]} Nc4 {[%emt 0:01:23]} 17. Bxc4 {[%emt 0:03:17]} dxc4 {[%emt 0:02:33]} 18. a4 {[%emt 0:04:09]} bxa4 {[%emt 0:06:39]} 19. Rxa4 Nb6 {[%emt 0:02:35]} 20. Raa1 {[%emt 0:02:58]} Rad8 {[%emt 0:09:48]} 21. Qc2 {[%emt 0:05:35]} Nd5 {[%emt 0:04:48]} 22. Bf2 {[%emt 0:03:22]} Bh6 {[%emt 0:02:11]} 23. Bh4 {[%emt 0:01:37]} Ne3 {[%emt 0:04:40]} 24. Bxd8 {[%emt 0:02:20]} Qxd8 {[%emt 0:00:06]} 25. Qc1 {[%emt 0:00:59]} Nxf1 {[%emt 0:05:56]} 26. Qxf1 {[%emt 0:00:14]} Qb6 {[%emt 0:00:28]} 27. Qb1 {[%emt 0:03:16]} Qc5 {[%emt 0:01:33]} 28. Kf1 {[%emt 0:00:46]} Qd5 {[%emt 0:01:18]} 29. Nf3 {[%emt 0:01:58]} Rd8 {[%emt 0:00:12]} 30. Ned4 {[%emt 0:00:12]} Bxf4 {[%emt 0:00:24]} 31. g3 {[%emt 0:01:02]} Bxe5 {[%emt 0:00:45]} 32. Kf2 {[%emt 0:04:14]} Bxd4+ {[%emt 0:00:16]} 33. Nxd4 {[%emt 0:00:30]} Qg2+ {[%emt 0:00:16]} 34. Ke1 {[%emt 0:02:39]} Qg1+ {[%emt 0:00:48]} 35. Ke2 {[%emt 0:00:14]} Qxh2+ {[%emt 0:00:10]} 36. Ke3 {[%emt 0:00:39]} Qxg3+ {[%emt 0:00:16]} 37. Ke2 {[%emt 0:00:11]} e5 {[%emt 0:00:58]} 38. Nf5 {[%emt 0:01:55]} Qg4+ {[%emt 0:00:48]} 0-1

[Event "45th Olympiad Budapest 2024"]
[Site "Budapest"]
[Date "2024.09.13"]
[Round "3"]
[Board "3"]
[White "Yepez Montenegro, Gloria Luz"]
[Black "Van Wyk, Keisha C"]
[Result "1-0"]
[WhiteElo "1818"]
[BlackElo "1599"]
[PlyCount "67"]
[EventDate "2024.09.11"]
[EventType "team-tourn"]
[EventRounds "11"]
[EventCountry "HUN"]
[WhiteTeam "Bolivia"]
[BlackTeam "Namibia"]
[WhiteTeamCountry "BOL"]
[BlackTeamCountry "NAM"]

1. d4 {[%emt 0:00:03]} Nf6 {[%emt 0:00:49]} 2. Bf4 {[%emt 0:00:14]} d6 {[%emt 0:03:16]} 3. Nc3 {[%emt 0:00:24]} Bf5 {[%emt 0:06:26]} 4. f3 {[%emt 0:03:56]} Nc6 {[%emt 0:13:50]} ({RR} 4... e6 5. e4 Bg6 6. Qd2 Be7 7. O-O-O c6 8. g4 h5 9. g5 Nfd7 10. h4 b5 11. Be3 O-O 12. Nce2 d5 13. Bg2 Nb6 14. Nf4 Nc4 15. Qd3 Na6 16. Nge2 Nb4 17. Qb3 a5 18. Nxg6 fxg6 19. Bd2 {0-1 Davalos Prieto,A (1985)-Bujisho,B (2339) Titled Tue 6th Feb Late 2024 (1)}) 5. e4 {[%emt 0:01:56]} Bd7 {[%emt 0:03:51]} 6. Be3 {[%emt 0:14:07]} a6 $146 {[%emt 0:04:47]} ({RR} 6... e6 7. Nge2 Be7 8. g4 O-O 9. Qd2 a5 10. g5 Ne8 11. h4 Nb8 12. Ng3 c5 13. dxc5 dxc5 14. O-O-O Nd6 15. Bf4 Qc8 16. Bxd6 Bxd6 17. Qxd6 Rd8 18. Bb5 Nc6 19. Bxc6 Qxc6 20. Qe5 Be8 21. Nh5 {1-0 Delgado Rosas,A (2149)-Robinson,O Olympiad-44 Chennai 2022 (1.3)}) 7. Qd2 {[%emt 0:04:09]} e6 {[%emt 0:01:48]} 8. Be2 {[%emt 0:04:49]} Be7 {[%emt 0:02:40]} 9. g4 {[%emt 0:06:48]} Ng8 {[%emt 0:01:27]} 10. O-O-O {[%emt 0:02:31]} b5 {[%emt 0:00:39]} 11. f4 {[%emt 0:12:27]} b4 {[%emt 0:04:07]} 12. Nb1 {[%emt 0:00:32]} d5 {[%emt 0:00:47]} 13. exd5 {[%emt 0:05:50]} exd5 {[%emt 0:00:47]} 14. Bf3 {[%emt 0:01:40]} Nf6 {[%emt 0:05:49]} 15. Qg2 {[%emt 0:04:09]} Bc8 {[%emt 0:06:11]} 16. g5 {[%emt 0:03:29]} Ne4 {[%emt 0:04:03]} 17. Bxe4 {[%emt 0:00:22]} dxe4 {[%emt 0:00:29]} 18. Qxe4 {[%emt 0:00:23]} Bb7 {[%emt 0:01:30]} 19. d5 {[%emt 0:01:12]} Na5 {[%emt 0:02:21]} 20. Bc5 {[%emt 0:02:36]} b3 {[%emt 0:10:37]} 21. axb3 {[%emt 0:01:26]} O-O {[%emt 0:08:51]} 22. Bxe7 {[%emt 0:08:08]} Re8 {[%emt 0:01:11]} 23. Bxd8 {[%emt 0:00:13]} Rxe4 {[%emt 0:00:28]} 24. Bxc7 {[%emt 0:03:16]} Nxb3+ {[%emt 0:03:09]} 25. cxb3 {[%emt 0:00:06]} Rc8 {[%emt 0:00:10]} 26. d6 {[%emt 0:00:22]} Re3 {[%emt 0:01:28]} 27. Nc3 {[%emt 0:06:43]} Bxh1 {[%emt 0:04:59]} 28. d7 {[%emt 0:00:25]} Rf8 {[%emt 0:00:25]} 29. d8=Q {[%emt 0:00:17]} Ree8 {[%emt 0:01:02]} 30. Qd4 {[%emt 0:05:18]} Rc8 {[%emt 0:00:58]} 31. Be5 {[%emt 0:00:15]} Rc6 {[%emt 0:03:35]} 32. Bxg7 {[%emt 0:00:20]} Rfc8 {[%emt 0:00:35]} 33. Bh6 {[%emt 0:00:12]} Bd5 {[%emt 0:01:31]} 34. Qg7# {[%emt 0:00:09]} 1-0

[Event "45th Olympiad Budapest 2024"]
[Site "Budapest"]
[Date "2024.09.13"]
[Round "3"]
[Board "1"]
[White "Ortez, Andrea"]
[Black "Bouzana, Christina"]
[Result "1-0"]
[WhiteElo "1948"]
[BlackElo "1644"]
[PlyCount "99"]
[EventDate "2024.09.11"]
[EventType "team-tourn"]
[EventRounds "11"]
[EventCountry "HUN"]
[WhiteTeam "El Salvador"]
[BlackTeam "Cyprus"]
[WhiteTeamCountry "ESA"]
[BlackTeamCountry "CYP"]

1. e4 {[%emt 0:00:01]} c5 {[%emt 0:00:04]} 2. c3 {[%emt 0:00:24]} Nf6 {[%emt 0:00:06]} 3. e5 {[%emt 0:00:06]} Nd5 {[%emt 0:00:12]} 4. Nf3 {[%emt 0:00:36]} Nc6 {[%emt 0:00:07]} 5. d4 {[%emt 0:00:20]} cxd4 {[%emt 0:00:15]} 6. cxd4 {[%emt 0:00:08]} d6 {[%emt 0:00:32]} 7. Bc4 {[%emt 0:01:50]} e6 {[%emt 0:00:55]} 8. O-O {[%emt 0:01:46]} Qc7 {[%emt 0:01:42]} 9. Qe2 {[%emt 0:02:16]} Be7 {[%emt 0:04:15]} 10. Nc3 {[%emt 0:07:37]} Nxc3 11. bxc3 {[%emt 0:00:06]} dxe5 {[%emt 0:00:20]} 12. dxe5 {[%emt 0:00:20]} O-O {[%emt 0:00:38]} 13. Bd3 {[%emt 0:02:18]} Rd8 {[%emt 0:03:06]} 14. Qe4 {[%emt 0:05:11]} g6 {[%emt 0:00:16]} 15. Bh6 {[%emt 0:00:37]} b6 {[%emt 0:06:16]} 16. Rad1 {[%emt 0:01:24]} ({RR} 16. Rfd1 Bb7 17. Qf4 Rd5 18. Be4 Rxd1+ 19. Rxd1 Rd8 20. Rxd8+ Nxd8 21. Bxb7 Qxb7 22. h4 Qd7 23. h5 Nc6 24. Bg5 b5 25. Bxe7 Nxe7 26. Kh2 gxh5 27. Qg5+ Ng6 28. Qxh5 Qc7 29. g3 Qc5 30. Kg2 Kg7 {½-½ Gurner,J (2070)-Wilson,E (1983) III Kingston Inv 2024 (3.14)}) 16... Bb7 {[%emt 0:01:28]} 17. Qf4 {[%emt 0:00:08]} Bf8 $146 {[%emt 0:09:44]} ({RR} 17... Rd5 18. Be4 Rxd1 19. Rxd1 Rd8 20. Rxd8+ Nxd8 21. Bxb7 Nxb7 22. h4 Nc5 23. h5 f5 24. exf6 Qxf4 25. Bxf4 Bxf6 26. hxg6 hxg6 27. c4 Na4 28. Bb8 a6 29. Bc7 b5 30. cxb5 axb5 31. Bd6 Nc3 32. a3 {½-½ Falkevall,A (2282)-Hillarp Persson,T (2520) Malmo op 2021 (3)}) ({RR} 17... Rd7 18. Be4 Rxd1 19. Rxd1 Rd8 20. Re1 f5 21. exf6 Qxf4 22. Bxf4 Bxf6 23. c4 Bc3 24. Rc1 Na5 25. Bxb7 Nxb7 26. h4 Bf6 27. Re1 Nc5 28. Bg5 Kg7 29. Bxf6+ Kxf6 30. g4 Rd3 31. Kg2 Ra3 32. Re2 {½-½ Christiansen,J (2590)-Moiseenko,A (2602) NOR-UKR Solidarity m 2022 (4.4)}) ({RR} 17... Rd7 18. Be4 Rad8 19. Rxd7 Rxd7 20. h4 Ba6 21. Re1 Nd8 22. Re3 Rd1+ 23. Kh2 Rc1 24. Bc2 b5 25. Nd4 Nc6 26. Nxc6 Rxc2 27. Nxe7+ Qxe7 28. Rd3 b4 29. Rd7 {1-0 Adamski,A (2365)-Sorm,D Decin-08 IM 1978 (1)}) ({RR} 17... Rd7 18. Rfe1 Rad8 19. Bc2 Rxd1 20. Bxd1 Rd3 21. Bb3 Rxc3 22. h4 Nd8 23. Ng5 Bd5 24. h5 Rd3 25. hxg6 hxg6 26. Qh2 Bb4 27. Qf4 Qe7 28. Re2 Bc3 29. Qh4 f6 30. Bc2 Rd4 31. Qg3 Rc4 32. Bxg6 {1-0 Matsuura,E (2408)-Milos,G (2586) Paulisto-ch final 1999 (5)}) 18. Bg5 {[%emt 0:02:22]} Be7 {[%emt 0:00:39]} 19. Bh6 {[%emt 0:04:19]} Bf8 {[%emt 0:00:24]} 20. Rfe1 {[%emt 0:00:54]} Bg7 {[%emt 0:12:22]} 21. h4 Ne7 {[%emt 0:09:20]} 22. Bxg7 {[%emt 0:16:40]} Kxg7 {[%emt 0:00:14]} 23. h5 {[%emt 0:12:26]} Nd5 {[%emt 0:11:43]} 24. h6+ {[%emt 0:05:10]} Kg8 {[%emt 0:00:09]} 25. Qg5 {[%emt 0:04:56]} Qe7 {[%emt 0:02:56]} 26. Qc1 {[%emt 0:07:58]} Rac8 {[%emt 0:04:42]} 27. c4 {[%emt 0:01:49]} b5 {[%emt 0:01:44]} 28. Be4 {[%emt 0:02:45]} Rxc4 {[%emt 0:02:02]} 29. Qd2 {[%emt 0:01:19]} Rdc8 {[%emt 0:08:16]} 30. Rc1 {[%emt 0:04:18]} a6 {[%emt 0:07:57]} 31. Bd3 {[%emt 0:03:20]} Rxc1 {[%emt 0:05:27]} 32. Rxc1 {[%emt 0:00:02]} Rxc1+ {[%emt 0:00:19]} 33. Qxc1 {[%emt 0:00:02]} Qc7 {[%emt 0:03:01]} 34. Qg5 {[%emt 0:00:57]} Qe7 {[%emt 0:00:19]} 35. Qd2 {[%emt 0:00:46]} Nb6 {[%emt 0:02:49]} 36. Ng5 {[%emt 0:08:00]} Nd7 37. Qe3 {[%emt 0:03:12]} Nc5 {[%emt 0:00:46]} 38. Be2 {[%emt 0:00:27]} Bd5 {[%emt 0:00:55]} 39. Bf3 {[%emt 0:00:52]} Bxa2 {[%emt 0:01:20]} 40. Qa3 {[%emt 0:01:26]} Bd5 {[%emt 0:00:36]} 41. Qe3 {[%emt 0:08:39]} Nd7 {[%emt 0:05:25]} 42. Bxd5 {[%emt 0:11:11]} exd5 {[%emt 0:00:11]} 43. Nf3 {[%emt 0:00:48]} Qe6 {[%emt 0:09:33]} 44. Qc3 {[%emt 0:02:15]} Nf8 {[%emt 0:04:53]} 45. Qc7 {[%emt 0:01:01]} Qd7 {[%emt 0:01:07]} 46. Qb6 {[%emt 0:00:11]} Qe6 {[%emt 0:00:23]} 47. Qc7 {[%emt 0:00:07]} b4 {[%emt 0:04:36]} 48. Ng5 {[%emt 0:04:48]} Qf5 {[%emt 0:01:33]} 49. e6 {[%emt 0:00:35]} Nxe6 {[%emt 0:02:55]} 50. Nxe6 {[%emt 0:00:04]} 1-0

[Event "45th Olympiad Budapest 2024"]
[Site "Budapest"]
[Date "2024.09.13"]
[Round "3"]
[Board "2"]
[White "Sokolova, Larisa"]
[Black "Garcia, Angie"]
[Result "1-0"]
[WhiteElo "1705"]
[BlackElo "2015"]
[PlyCount "71"]
[EventDate "2024.09.11"]
[EventType "team-tourn"]
[EventRounds "11"]
[EventCountry "HUN"]
[WhiteTeam "Cyprus"]
[BlackTeam "El Salvador"]
[WhiteTeamCountry "CYP"]
[BlackTeamCountry "ESA"]

1. e4 {[%emt 0:00:03]} e6 {[%emt 0:00:08]} 2. d4 {[%emt 0:00:15]} d5 {[%emt 0:00:09]} 3. Nd2 {[%emt 0:00:19]} Nf6 {[%emt 0:00:11]} 4. e5 {[%emt 0:00:27]} Nfd7 {[%emt 0:00:06]} 5. Bd3 {[%emt 0:00:15]} c5 {[%emt 0:00:21]} 6. c3 {[%emt 0:01:14]} Nc6 {[%emt 0:00:32]} 7. Ne2 {[%emt 0:01:26]} cxd4 {[%emt 0:00:41]} 8. cxd4 {[%emt 0:00:13]} f6 {[%emt 0:00:06]} 9. f4 {[%emt 0:07:26]} fxe5 {[%emt 0:01:19]} 10. fxe5 {[%emt 0:03:26]} Nxd4 {[%emt 0:03:52]} 11. O-O {[%emt 0:01:17]} Bc5 {[%emt 0:02:36]} 12. Nxd4 {[%emt 0:10:48]} Bxd4+ {[%emt 0:01:16]} 13. Kh1 {[%emt 0:00:14]} g6 {[%emt 0:13:11]} 14. Qg4 {[%emt 0:09:00]} Qb6 {[%emt 0:00:12]} 15. Nb3 $146 {[%emt 0:09:11]} ({RR} 15. Nf3 Bxe5 16. Bxg6+ Ke7 17. Nxe5 Nxe5 18. Qg5+ Kd6 19. Bf4 Qd4 20. Rae1 {1-0 Medjedovic,J (2045)-Boskovic,M (2080) YUG-chT (Women) 1993 (5)}) ({RR} 15. Bxg6+ hxg6 16. Qxg6+ Kd8 17. Nf3 Bc5 18. Bg5+ Kc7 19. g4 Bd4 20. Nxd4 Qxd4 21. Qxe6 Qb6 22. Rac1+ Kb8 23. Qxd5 {1-0 Homfeldt,C (1416)-Leonard,T (1590) Dortmund Sparkassen op-B 2015 (6)}) ({RR} 15. Nf3 Bxe5 16. Re1 Nf6 17. Qg5 Bd4 18. Qf4 e5 19. Nxd4 Ng4 20. Rxe5+ Nxe5 21. Qxe5+ Kf7 22. Qxh8 Bf5 23. Qxh7+ Kf6 24. Nxf5 Re8 25. Qg7+ {1-0 Rodriguez,I (1840)-Perez,J (1544) Punta del Este op 4th 2015 (5)}) 15... Bxe5 {[%emt 0:12:29]} 16. Bd2 {[%emt 0:09:14]} Nf6 {[%emt 0:05:49]} 17. Qg5 {[%emt 0:06:11]} Qd6 {[%emt 0:03:09]} 18. Bb4 {[%emt 0:04:05]} Qxb4 {[%emt 0:04:08]} 19. Qxe5 {[%emt 0:00:10]} Rf8 {[%emt 0:03:33]} 20. Rxf6 {[%emt 0:00:38]} Bd7 {[%emt 0:00:11]} 21. Rxf8+ {[%emt 0:00:44]} Qxf8 {[%emt 0:00:08]} 22. Rf1 {[%emt 0:00:38]} Qg8 {[%emt 0:00:19]} 23. Nd4 {[%emt 0:03:35]} Rc8 {[%emt 0:00:32]} 24. h3 {[%emt 0:01:59]} a6 {[%emt 0:00:29]} 25. Re1 {[%emt 0:00:51]} Ke7 {[%emt 0:00:47]} 26. Qxd5 {[%emt 0:00:12]} b6 {[%emt 0:00:37]} 27. Qg5+ {[%emt 0:03:14]} Kd6 {[%emt 0:00:47]} 28. Bxa6 {[%emt 0:00:48]} Rc5 {[%emt 0:00:14]} 29. Qg3+ {[%emt 0:00:37]} Ke7 {[%emt 0:00:37]} 30. Qb3 {[%emt 0:01:45]} Qf7 {[%emt 0:06:14]} 31. Qxb6 {[%emt 0:00:58]} Rd5 {[%emt 0:00:24]} 32. Bc4 {[%emt 0:01:01]} Rd6 {[%emt 0:01:14]} 33. Qb4 {[%emt 0:00:27]} Qf4 {[%emt 0:05:43]} 34. Nxe6 {[%emt 0:01:15]} Bxe6 {[%emt 0:01:12]} 35. Rxe6+ {[%emt 0:00:11]} Kd7 {[%emt 0:00:55]} 36. Qb7+ 1-0